00418nam a22001457a 450000500170000000800410001702000150005804100130007308200140008610000130010024500520011326000560016530000260022165000250024720250122090009.0231120b |||||||| |||| 00| 0 eng d a0409116637 aEnglish  a343.4 SIL lEnglish  aSilke on South African Income Tax Act 1999/2000 aDurban : bButterworth Publishers (Pty) Ltd, c2000 b400 pages ; c25 cm.  aLegal practice bLaw